Normal view MARC view

Entry Personal Name

Number of records used in: 1

001 - CONTROL NUMBER

  • control field: 9379

003 - CONTROL NUMBER IDENTIFIER

  • control field: DLC

005 - DATE AND TIME OF LATEST TRANSACTION

  • control field: 20230901105708.0

008 - FIXED-LENGTH DATA ELEMENTS

  • fixed length control field: 081114n| azannaabn |n aaa

010 ## - LIBRARY OF CONGRESS CONTROL NUMBER

  • LC control number: n 2008077273
  • Canceled/invalid LC control number: n 50049642

035 ## - SYSTEM CONTROL NUMBER

  • System control number: (OCoLC)oca07938134

040 ## - CATALOGING SOURCE

  • Original cataloging agency: DLC
  • Language of cataloging: eng
  • Transcribing agency: DLC
  • Modifying agency: DLC
  • Modifying agency: OCoLC
  • Description conventions: rda
  • Modifying agency: IAhCCS

046 ## - SPECIAL CODED DATES

  • Birth date: 1927-08-29
  • Death date: 2023-04-11
  • Source of date scheme: edtf

100 1# - HEADING--PERSONAL NAME

  • Personal name: O'Shaughnessy, John,
  • Dates associated with a name: 1927-2023

670 ## - SOURCE DATA FOUND

  • Source citation: O'Shaugnessy, John. Interpretation in social life, social science, and marketing, 2009:
  • Information found: eCIP t.p. (John O'Shaugnessy) data view (b. Aug. 29, 1927)

670 ## - SOURCE DATA FOUND

  • Source citation: Columbia Business School directory online, Dec. 7, 2009
  • Information found: (John O'Shaughnessy, Professor Emeritus of Marketing, Faculty Emeriti)

670 ## - SOURCE DATA FOUND

  • Source citation: Wikipedia, viewed May 19, 2023
  • Information found: (John O'Shaughnessy (1927 - 11 April 2023) was a British academic and business writer)
  • Uniform Resource Identifier: https://en.wikipedia.org/wiki/John_O%27Shaughnessy_%28academic%29

Powered by Koha